000 01239nam a2200229Ia 4500
999 _c39592
_d39592
001 6192
003 GE_BSU
005 20190610155705.0
008 181216s1966||||ge |||||||||||||| ||GEO||
040 _cGE_BSU
041 _aGEO
080 _a725.31(075.8) გ-96
100 _aგურგენიძე, ვ.
_9495
245 _aრკინიგზათა კვანძის, მისი ძირითადი სადგურებისა და დამხარისხებელი გორაკის დაპროექტება :
_bდამხმ. სახელმძღ. :
_cვ. გურგენიძე ; რედ. ე.გძელიძე.
264 _aთბილისი :
_bგანათლება,
_c1966.
300 _a116 გვ. :
_bნახაზები ;
_c27 სმ.
600 _aე.გძელიძე.
_92326
653 _aრკინიგზათა კვანძის, მისი ძირითადი სადგურებისა და დამხარისხებელი გორაკის დაპროექტება
653 _aრკინიგზა
700 _aგძელიძე. ე.
_92327
942 _cBK
_2udc